| 000 | 00568nam a22002297a 4500 | ||
|---|---|---|---|
| 003 | BR-BrBNA | ||
| 005 | 20231213131252.0 | ||
| 008 | 231213b bl.||||| |||| 00| 0 por d | ||
| 020 | _a8573023511 | ||
| 040 |
_aBR-BrBNA _bpor |
||
| 041 | _apor | ||
| 072 | _aS86 | ||
| 100 | _aVerissimo, Luis Fernando. | ||
| 245 | _aComédias para se ler na escola / | ||
| 260 |
_aRio de Janeiro: _bObjetiva, _c2001. |
||
| 300 | _a145 p. | ||
| 650 | _aLITERATURA BRASILEIRA | ||
| 650 | _aCRÔNICAS | ||
| 909 |
_a12/2023 _bSarah |
||
| 942 | _cBK | ||
| 999 |
_c259994 _d259994 |
||